Catálogo público

Guía para el manejo integrado de plagas del cultivo de chile dulce / (Record no. 200293)

MARC details
000 -CABECERA
campo de control de longitud fija 00843nam a2200265Ia 4500
001 - NÚMERO DE CONTROL
campo de control Para_1675
003 - IDENTIFICADOR DEL NÚMERO DE CONTROL
campo de control CHAP
008 - DATOS DE LONGITUD FIJA--INFORMACIÓN GENERAL
campo de control de longitud fija 220125s1993 xx 000 0 und d
010 ## - NÚMERO DE CONTROL DE LA BIBLIOTECA DEL CONGRESO
Número de control de LC 200293
040 ## - FUENTE DE LA CATALOGACIÓN
Centro/agencia transcriptor CHAP
082 ## - NÚMERO DE LA CLASIFICACIÓN DECIMAL DEWEY
Número de clasificación PA 633.84 C4
110 ## - ENTRADA PRINCIPAL--NOMBRE DE ENTIDAD CORPORATIVA
Nombre de entidad corporativa o nombre de jurisdicción como elemento de entrada Centro agronómico Tropical de investigación y enseñanza
9 (RLIN) 165165
245 ## - MENCIÓN DE TÍTULO
Título Guía para el manejo integrado de plagas del cultivo de chile dulce /
Mención de responsabilidad, etc. por CATIE. Proyecto regional manejo integrado de plagas
260 ## - PUBLICACIÓN, DISTRIBUCIÓN, ETC.
Lugar de publicación, distribución, etc. Turialba, Costa Rica :
Nombre del editor, distribuidor, etc. El centro
300 ## - DESCRIPCIÓN FÍSICA
Extensión 144 p.
440 ## - MENCIÓN DE SERIE/PUNTO DE ACCESO ADICIONAL--TÍTULO
Título Serie técnica. Informe técnico; 121
9 (RLIN) 165166
650 ## - PUNTO DE ACCESO ADICIONAL DE MATERIA--TÉRMINO DE MATERIA
Término de materia o nombre geográfico como elemento de entrada Chile (botánica)
Subdivisión general plagas
9 (RLIN) 22380
901 ## - ELEMENTOS DE DATOS A LOCAL LDA (RLIN)
a PA 633.84 C4
902 ## - ELEMENTOS DE DATOS B LOCAL, LDB (RLIN)
a A
905 ## - ELEMENTOS DE DATOS E LOCAL, LDE (RLIN)
a 0000001993 a 0000000000 00
910 ## - DATOS DE OPCIÓN DEL USUARIO (OCLC)
Datos de opción del usuario 1993
942 ## - ELEMENTOS DE PUNTO DE ACCESO ADICIONAL (KOHA)
Tipo de ítem Koha Parasitologia_
942 ## - ELEMENTOS DE PUNTO DE ACCESO ADICIONAL (KOHA)
Tipo de ítem Koha Parasitologia_
-- 1
Holdings
Estado de retiro Estado de pérdida Fuente del sistema de clasificación o colocación Estado dañado No para préstamo Código de colección Localización permanente Ubicación/localización actual Fecha de adquisición Número de inventario Total de préstamos Signatura topográfica completa Código de barras Fecha visto por última vez Número de copia Precio válido a partir de Tipo de ítem Koha Nota pública
    Dewey Decimal Classification     General Parasitologia Agricola Parasitologia Agricola 27/10/2005 (PA_5741) (No. UACh C/E)   PA 633.84 C4 4102003342 25/01/2022 Ej.2 25/01/2022 Libro 3
    Dewey Decimal Classification     General Parasitologia Agricola Parasitologia Agricola 27/10/2005 (PA_7381) (No. UACh C/E)   PA 633.84 C4 4102003341 25/01/2022 Ej.1 25/01/2022 Libro 3